[Event "Saarland-ch B 89th"]
[Site "Stennweiler"]
[Date "2014.04.15"]
[Round "5"]
[White "Heim, Daniel"]
[Black "Lauer, Pascal"]
[Result "1-0"]
[WhiteElo "1391"]
[BlackElo "1045"]
[PlyCount "49"]
[EventDate "2014.04.11"]
[EventType "swiss"]
[EventRounds "9"]
[EventCountry "GER"]
[SourceTitle "EXT 2016"]
[Source "ChessBase"]
[SourceDate "2015.10.08"]
[SourceVersion "1"]
[SourceVersionDate "2015.10.08"]
[SourceQuality "1"]

1. e4 g6 2. d4 Bg7 3. Nf3 d6 4. Be2 Nf6 5. Nc3 0-0 6. 0-0 c6 7. e5 dxe5 8. Nxe5 Nbd7 9. f4 Nd5 10. Ne4 N7f6 11. Nc5 b6 12. Nb3 Bf5 13. c4 Nb4 14. a3 Bc2 15. Qd2 Qd6 16. axb4 Bxb3 17. Qc3 Ne4 18. Qxb3 Qxd4+ 19. Be3 Qd6 20. Rad1 Qe6 21. Bf3 Bxe5 22. Bxe4 Bxf4 23. Rxf4 g5 24. Bf5 Qe5 25. Rff1 1-0